LEADER 01281nam0 2200289 i 450 001 SUN0075184 005 20110405101046.504 010 $a978-18-481-6307-2 100 $a20100503d2010 |0engc50 ba 101 $aeng 102 $aUS 105 $a|||| ||||| 200 1 $aMultiscale modeling in solid mechanics$ecomputational approaches$fUgo Galvanetto, M. H. Ferri Aliabadi 210 $aLondra$cImperial college$d2010 215 $aXIII, 334 p.$cill.$d23 cm. 410 1$1001SUN0075190$12001 $aComputational and experimental methods in structures$v3$1210 $aLondra$cImperial College. 620 $aGB$dLondon$3SUNL000015 700 1$aGalvanetto$b, Ugo$3SUNV063455$0724369 701 1$aFerri Aliabadi$b, M. H.$3SUNV063457$0724368 712 $aImperial College$3SUNV005727$4650 790 1$aFerri-Aliabadi, M.H.$zFerri Aliabadi, M. H.$3SUNV063569 801 $aIT$bSOL$c20181109$gRICA 912 $aSUN0075184 950 $aUFFICIO DI BIBLIOTECA DEI DIPARTIMENTI DI INGEGNERIA$d05 CONS G III 703 $e05 5584 995 $aUFFICIO DI BIBLIOTECA DEI DIPARTIMENTI DI INGEGNERIA$bIT-CE0100$h5584$kCONS G III 703$oc$qa 996 $aMultiscale modeling in solid mechanics$91419919 997 $aUNICAMPANIA